Culture Générale - Série 174 - Statistiques

Statistiques générales
  • Ce quiz a été pris 293 fois
  • Le résultat moyen est 5 sur 10
Statistiques - réponses
Question Réponse % Correct
Quelle saison s'achève dans la chanson "Hélène" de Roch Voisine ? L'été
92%
Selon Lio, quel dessert "sert l'abominable homme des neiges" ? Le banana Split
82%
A quel groupe doit-on le tube "The Show Must Go On" en 1991 ? Queen
80%
En 1996, à quelle reine Khaled compare-t-il "Aïcha" ? Reine de Saba
60%
Combien de secondes Neneh Cherry et Youssou N'Dour ont-ils chantées ? 7
59%
En 1997, quel ténor fait un tube en interprétant "Con te partiro" ? Andrea Bocelli
34%
Dans quel Etat des Etats-Unis se situent Boston et Springfield ? Massachusetts
33%
Avec quel chanteur italien Paul Young fait-il un tube de "Senza una donna" ? Zucchero
33%
A quel groupe doit-on "The Reflex" en 1983 ? Duran Duran
15%
A qui doit-on le tube "Moonlight Shadow" en 1983 ? Mike Oldfield
15%
Aucun quiz correspondant
Distribution des résultats
% des personnes avec chaque résultat
Percentile par nombre de réponses
Votre historique - résultats
Vous n’avez pas pris ce quiz